[Event "Trapiche Alagoano op 49th"]
[Site "Trapiche"]
[Date "2023.12.17"]
[Round "5"]
[White "Alves, Andrey Kevin Da Sil"]
[Black "Medeiros, Pedro De Andrade So"]
[Result "0-1"]
[WhiteElo "1837"]
[BlackElo "1824"]
[PlyCount "90"]
[EventDate "2023.12.15"]
[EventType "swiss"]
[EventRounds "6"]
[EventCountry "BRA"]
[SourceTitle "CB51_2023"]
[SourceDate "2023.12.20"]
[SourceVersion "1"]
[SourceVersionDate "2023.12.20"]
[SourceQuality "1"]

1. d4 Nf6 2. c4 g6 3. Nc3 Bg7 4. e3 0-0 5. Bd3 c6 6. Nf3 d5 7. 0-0 dxc4 8. Bxc4 b5 9. Bb3 Bb7 10. a4 b4 11. Ne2 Nbd7 12. a5 c5 13. d5 Qc8 14. Nf4 Rd8 15. Bc4 a6 16. Qb3 Ne4 17. Rd1 h6 18. d6 Nxd6 19. Rxd6 exd6 20. Bxf7+ Kh7 21. Bxg6+ Kh8 22. Bf5 c4 23. Qc2 b3 24. Qb1 Re8 25. Nh4 Qc6 26. Ne6 Nf8 27. Nxf8 Bxf8 28. Bh7 Qe4 29. Bxe4 Bxe4 30. Ng6+ Kg7 31. Nf4 Bxb1 32. Rxb1 Rac8 33. Bd2 Kf7 34. Nd5 Bg7 35. Nb4 c3 36. bxc3 Bxc3 37. Bxc3 Rxc3 38. Kf1 Rec8 39. Ke2 R8c4 40. Kd2 Ke6 41. e4 Ke5 42. f4+ Kd4 43. Nxa6 Ra4 44. Nb8 Ra2+ 45. Kd1 Rxg2 0-1